[Event "DVM U20 2012"]
[Site "Osnabrück GER"]
[Date "2012.12.29"]
[Round "6"]
[White "Ignatov, Dmitriy"]
[Black "Galensowske, Nikolas"]
[Result "1-0"]
[Termination "normal"]
[Board "8.6"]
[WhiteElo "1447"]
[BlackElo "1439"]
[WhiteTeam "Heilbronner SV"]
[BlackTeam "SC Vaterstetten"]
[WhiteFideId "12927872"]
[BlackFideId "12964298"]
[EventCountry "GER"]
[EventRounds "7"]
[EventType "team-swiss"]
[EventDate "2012.12.26"]

1. e4 e5 2. f4 d6 3. Nf3 Nc6 4. Bc4 Be6 5. Bxe6 fxe6 6. O-O exf4 7. Nc3 e5 8.
d4 Qf6 9. Nd5 Qf7 10. dxe5 O-O-O 11. Ng5 Qg6 12. Qg4+ Kb8 13. Qxf4 Nge7 14. Nf7
Nd4 15. Qe3 Nxc2 16. Qc3 Nxd5 17. Qxc2 Be7 18. Nxh8 Rxh8 19. Qb3 Qxe4 20. Bd2
Qd4+ 21. Kh1 dxe5 22. Bc3 Nxc3 23. Qxc3 Bf6 24. Qxd4 exd4 25. Rad1 c5 26. Rf5
b6 27. Kg1 Kc7 28. Kf1 g6 29. Rxf6 Rd8 30. Rf7+ Kc6 31. b3 Kb5 32. Rxa7 Kb4 33.
Re7 Kc3 34. Ke1 d3 35. Re3 Kc2 36. Re4 Rd4 37. Rxd4 cxd4 38. Rd2+ Kc3 39. Kd1
h6 40. Rf2 b5 41. Rf6 b4 42. Rxg6 Kb2 43. Rxh6 Kxa2 44. h4 Kxb3 45. h5 Kc4 46.
Rb6 b3 47. Rxb3 1-0